书目信息 |
| 题名: |
一片雪
|
|
| 作者: | 渡边淳一 著 ;高珊 译 | |
| 分册: | ||
| 出版信息: | 北京 文化艺术出版社 2003.12 |
|
| 页数: | 550页 | |
| 开本: | 21cm | |
| 丛书名: | 渡边淳一长篇经典全集 | |
| 单 册: | ||
| 中图分类: | I313.45 | |
| 科图分类: | 46.352 | |
| 主题词: | 长篇小说--日本--现代 | |
| 电子资源: | ||
| ISBN: | 7-5039-1814-4 | |
| 000 | 01201nam2 2200313 45 | |
| 001 | 0199025318 | |
| 005 | 20041104085344.30 | |
| 010 | @a7-5039-1814-4@dCNY 26.80 | |
| 100 | @a20040912d2003 em y0chiy0121 ea | |
| 101 | 1 | @achi@cjpn |
| 102 | @aCN@b110000 | |
| 105 | @ay z 000ay | |
| 200 | 1 | @a一片雪@Ayi pian xue@f(日)渡边淳一著@g高珊…(等)译 |
| 205 | @a第2版 | |
| 210 | @a北京@c文化艺术出版社@d2003.12 | |
| 215 | @a550页@d21cm | |
| 225 | 2 | @a渡边淳一长篇经典全集 |
| 300 | @a经Japan UNI Agency代理,取得作者授权 | |
| 304 | @a本书其他译者: 郁贞, 何英, 秦林 | |
| 314 | @a渡边淳一, 日本当代著名作家。1933年出生于日本北海道。毕业于札幌医科大学并担任整形外科讲师。代表作《失乐园》曾先后改编成电影和电视连续剧。被誉为“日本现代情爱文学大家”、“现代男人的代言人”。 | |
| 330 | @a伊织事业有成, 却遭婚变, 他把性爱视为生命动力, 努力追求人生美的极致。然而最终三个女人都离他而去, 留下的只有虚空, 犹如落在掌心上的一片雪。 | |
| 410 | 0 | @12001 @a渡边淳一长篇经典全集 |
| 606 | @a长篇小说@y日本@z现代 | |
| 690 | @aI313.45@v3 | |
| 692 | @a46.352@v2 | |
| 701 | 0 | @a渡边淳一@Adu bian chun yi@4著 |
| 702 | 0 | @a高珊@Agao shan@4译 |
| 801 | 0 | @aCN@bNLC@c20041104 |
| 905 | @a10447@dI313.45@eD9042 | |
| 一片雪/(日)渡边淳一著/高珊…(等)译.-第2版.-北京:文化艺术出版社,2003.12 |
| 550页;21cm.-(渡边淳一长篇经典全集) |
| 经Japan UNI Agency代理,取得作者授权 |
| ISBN 7-5039-1814-4:CNY 26.80 |
| 伊织事业有成, 却遭婚变, 他把性爱视为生命动力, 努力追求人生美的极致。然而最终三个女人都离他而去, 留下的只有虚空, 犹如落在掌心上的一片雪。 |
| ● |
| 相关链接 |
|
|
|
正题名:一片雪
索取号:I313.45/D9042
 
预约/预借
| 序号 | 登录号 | 条形码 | 馆藏地/架位号 | 状态 | 备注 |
| 1 | 424895 | 204248956 | 文学库116/ [索取号:I313.45/D9042] | 在馆 | |
| 2 | 424896 | 204248965 | 文学库116/ [索取号:I313.45/D9042] | 在馆 |